000 00706nam a2200205 i 4500
001 65433
003 ES-MaACL
005 20250804062532.0
007 t|
008 040113s1969 sp ||||1| spa d
100 1 _aFreud, Sigmund,
_d1856-1939
_952547
245 1 0 _aAutobiografía
_b: historia del movimiento psicoanalítico /
_cSigmund Freud ; [traductor, Luis López-Ballesteros y de Torres].
260 _aMadrid :
_bAlianza,
_c[1969]
300 _a193 p. ;
_c18 cm.
490 1 _aEl libro de bolsillo ;
_v172
700 1 _aLópez-Ballesteros y de Torres, Luis.
_973432
830 0 3 _aEl libro de bolsillo
_v172
_9177802
852 _aES-MaACL
_jC-35932
_bR.69409
999 _c65433
_d65433